| 000 | 00830nam0a22002771 4500 | ||
|---|---|---|---|
| 001 | rc\46593 | ||
| 005 | 20250620160715.0 | ||
| 010 |
_a5-7680-0536-6 _92000 |
||
| 035 | _a(NLR Aleph) 005326741 | ||
| 090 |
_a6547462 _c6547462 |
||
| 100 | _a20021216d1991 |||y0rusy50 ca | ||
| 101 | 0 | _arus | |
| 102 | _aRU | ||
| 105 | _ay ||||||||| | ||
| 200 | 1 |
_aДревние верования балкарцев и карачаевцев _e(Крат. очерк) |
|
| 210 |
_aНальчик _cЭльбрус _d1991 |
||
| 215 |
_a255, [1] с. _d23 |
||
| 320 | _aБиблиогр.: с. 252-256 (158 назв.) | ||
| 700 | 1 |
_aДжуртубаев _bМ.Ч. _gМахти Чимаевич |
|
| 801 | 0 |
_aRU _bNLR _gpsbo |
|
| 801 | 1 |
_aRU _bELAR _2rusmarc |
|
| 852 |
_aNLR _bОНЛ |
||
| 852 |
_aNLR _jОНЛ |
||
| 942 | _cBOOK | ||
| 980 | _aNB | ||